<?xml version="1.0" encoding="UTF-8"?><?xml-stylesheet type="text/xsl" href="static/style.xsl"?><OAI-PMH xmlns="http://www.openarchives.org/OAI/2.0/" xmlns:xsi="http://www.w3.org/2001/XMLSchema-instance" xsi:schemaLocation="http://www.openarchives.org/OAI/2.0/ http://www.openarchives.org/OAI/2.0/OAI-PMH.xsd"><responseDate>2026-06-06T19:08:56Z</responseDate><request verb="GetRecord" identifier="oai:riuma.uma.es:10630/40737" metadataPrefix="marc">https://riuma.uma.es/rest/oai/request</request><GetRecord><record><header><identifier>oai:riuma.uma.es:10630/40737</identifier><datestamp>2026-02-03T12:01:34Z</datestamp><setSpec>com_10630_2254</setSpec><setSpec>col_10630_37959</setSpec></header><metadata><record xmlns="http://www.loc.gov/MARC21/slim" xmlns:dcterms="http://purl.org/dc/terms/" xmlns:doc="http://www.lyncode.com/xoai" xmlns:xsi="http://www.w3.org/2001/XMLSchema-instance" xsi:schemaLocation="http://www.loc.gov/MARC21/slim http://www.loc.gov/standards/marcxml/schema/MARC21slim.xsd">
   <leader>00925njm 22002777a 4500</leader>
   <datafield ind2=" " ind1=" " tag="042">
      <subfield code="a">dc</subfield>
   </datafield>
   <datafield ind2=" " ind1=" " tag="720">
      <subfield code="a">Durán-Muñoz, Francisco Javier</subfield>
      <subfield code="e">author</subfield>
   </datafield>
   <datafield ind2=" " ind1=" " tag="720">
      <subfield code="a">Millán-Valldeperas, Eva</subfield>
      <subfield code="e">author</subfield>
   </datafield>
   <datafield ind2=" " ind1=" " tag="720">
      <subfield code="a">Montes, Javier</subfield>
      <subfield code="e">author</subfield>
   </datafield>
   <datafield ind2=" " ind1=" " tag="720">
      <subfield code="a">Zshaler, Stephen</subfield>
      <subfield code="e">author</subfield>
   </datafield>
   <datafield ind2=" " ind1=" " tag="260">
      <subfield code="c">2025</subfield>
   </datafield>
   <datafield ind2=" " ind1=" " tag="520">
      <subfield code="a">Este trabajo presenta un marco para la formulación y resolución de problemas de optimización multiobjetivo con restricciones utilizando Maude. Las soluciones se representan de forma nativa como términos en Maude y se transforman mediante reglas de reescritura (operadores de mutación) que, junto con una función de fitness penalizadora, permiten abordar problemas complejos. Con este planteamiento general, utilizamos algoritmos evolutivos multiobjetivo, en concreto NSGA-II y MOEA/D. Se ilustran aplicaciones en el problema de la mochila 0-1, en la asignación de responsabilidades en clases (CRA) y en la optimización de workflows.</subfield>
   </datafield>
   <datafield ind1="8" ind2=" " tag="024">
      <subfield code="a">Optimización Multiobjetivo en Maude Autores Francisco Durán, Eva Millán, Javier Montes, Stephen Zshaler Fecha de publicación 2025 Conferencia In: Pino, E. (ed.) Actas de las XXIV Jornadas de Programación y Lenguajes (PROLE 2025). Sistedes (2025). Editor https://hdl.handle.net/11705/PROLE/2025/16</subfield>
   </datafield>
   <datafield ind1="8" ind2=" " tag="024">
      <subfield code="a">https://hdl.handle.net/11705/PROLE/2025/16</subfield>
   </datafield>
   <datafield ind1="8" ind2=" " tag="024">
      <subfield code="a">https://hdl.handle.net/10630/40737</subfield>
   </datafield>
   <datafield tag="653" ind2=" " ind1=" ">
      <subfield code="a">Optimización matemática</subfield>
   </datafield>
   <datafield tag="653" ind2=" " ind1=" ">
      <subfield code="a">Investigación operativa</subfield>
   </datafield>
   <datafield ind2="0" ind1="0" tag="245">
      <subfield code="a">Optimización multiobjetivo en Maude.</subfield>
   </datafield>
</record>
</metadata></record></GetRecord></OAI-PMH>